| 000 | 00562cam a2200217ua 4500 | ||
|---|---|---|---|
| 001 | 9781 | ||
| 008 | 160829n ii |||gr||||Z||||||eng | ||
| 020 | _a8121921961 | ||
| 040 | _cMAIN | ||
| 041 | _aeng | ||
| 082 | _a338.954 | ||
| 100 |
_aDatt, Ruddar, _eAuthor. |
||
| 245 |
_aTextbook of economics for class XI : _bIndian economic development / _cBy Ruddar Datt . |
||
| 250 | _a17th rev. ed. | ||
| 260 |
_aNew Delhi: _bS chand, _c2007. |
||
| 300 | _a270p. | ||
| 653 | _aProduction | ||
| 653 | _aEconomics | ||
| 700 |
_aBahl, K.K., _eAuthor. |
||
| 942 | _cBK | ||
| 999 |
_c8791 _d8791 |
||